000 00814nam a2200229 i 4500
001 105518
003 ES-MaACL
005 20230906183918.0
007 t|
008 060720s1972 fr |||| | fre d
080 _a330.85
100 1 _aPreobrazhenskii, E. A.
_993767
245 1 3 _aLa nouvelle économique
_b: (novaia ekonomika) /
_cEugène Préobrajensky ; traduit du russe par Bernard Joly ; préface de Pierre Naville ; introduction de Ernest Mandel.
260 _aParis :
_bEDI,
_c[1972]
300 _a401 p. ;
_c21 cm.
650 1 4 _aEconomía marxista.
_912033
651 4 _aURSS-
_xSituación económica-
_vHistoria.
_9167716
700 1 _aJoly, Bernard.
_966808
700 1 _aNaville, Pierre.
_985234
700 1 _aMandel, Ernest.
_975941
852 _aES-MaACL
_jAND-323
_z. - Biblioteca Juan Andrade
999 _c105518
_d105518